Computer Algebra and Differential Equations
Αποθηκεύτηκε σε:
| Άλλοι συγγραφείς: | |
|---|---|
| Μορφή: | Βιβλίο |
| Γλώσσα: | English |
| Δημοσίευση: |
Cambridge :
Cambridge University Press,
1994.
|
| Σειρά: | London Mathematical Society lecture note series ;
193 |
| Θέματα: | |
| Ετικέτες: |
Προσθήκη ετικέτας
Δεν υπάρχουν, Καταχωρήστε ετικέτα πρώτοι!
|
MARC
| LEADER | 00000cam a2200000 i 4500 | ||
|---|---|---|---|
| 001 | 1/41676 | ||
| 008 | 950228s1994####enk| ||| |||| ||eng|| | ||
| 020 | |a 0-521-44757-7 | ||
| 035 | |a 1995 |c ΣΕΙΜΕΝΗΣ |l 10041570 | ||
| 040 | |a GR-MyUA |b gre |e AACR2 | ||
| 041 | 0 | |a eng | |
| 082 | 0 | |a 515.35 | |
| 245 | 1 | 0 | |a Computer Algebra and Differential Equations / |c edited by E. Tournier. |
| 260 | |a Cambridge : |b Cambridge University Press, |c 1994. | ||
| 300 | |a 259 σ. ; |c 23 εκ. | ||
| 490 | 1 | |a (London Mathematical Society lecture note series |v ; 193) | |
| 500 | |a The Computer Algebra nad Differential Equations meetimg held in France in June 1992 (CADE-92) was the third of a Series of biennial workshops devoted to recent developments in computer algebra systems. This book contains selected papers from the meeting. | ||
| 504 | |a Περιέχει βιβλιογραφικές αναφορές. | ||
| 650 | 0 | 0 | |a Galois theory |x Congresses. |
| 650 | 0 | 0 | |a Differential equations |x Congresses. |
| 650 | 0 | 0 | |a Differential equations |x Data processing |x Congresses. |
| 700 | 1 | |a Tournier, E. |e edt | |
| 830 | 0 | |a London Mathematical Society lecture note series ; |v 193 | |
| 852 | |a INST |b SAMOS |e 19950228 |h 515.35 COM |p 005300006326 |q 005300006326 |t BK |y 0 | ||
| 909 | |a Σ |b 037122 | ||